Southville International School and Colleges
Your cart is empty.
  • Cart
  • Lists
    Public lists Eva Luna New books Lux_list list_1
    Your lists Log in to create your own lists
  • Log in to your account
  • Your cookies
  • Search history
Southville International School and Colleges
  • Advanced search
  • Recent comments
  • Most popular
  • Libraries

Log in to your account

Log in with GOOGLE


If you do not have an external account, but do have a local account, you can still log in:

  1. Home
  2. MARC view: Such pretty toys
Normal view MARC view ISBD view

Such pretty toys (Record no. 11504)

[ view plain ]
MARC details
000 -LEADER
fixed length control field 00766cam a2200277 a 4500
001 - CONTROL NUMBER
control field 4681040
003 - CONTROL NUMBER IDENTIFIER
control field LC
005 - DATE AND TIME OF LATEST TRANSACTION
control field 20160308103013.0
008 - FIXED-LENGTH DATA ELEMENTS--GENERAL INFORMATION
fixed length control field 820821s1982 nyu 000 1 eng
010 ## - LIBRARY OF CONGRESS CONTROL NUMBER
LC control number 81070742
020 ## - INTERNATIONAL STANDARD BOOK NUMBER
Terms of availability 0812501845
040 ## - CATALOGING SOURCE
Original cataloging agency DLC
Transcribing agency DLC
Modifying agency DLC
050 00 - LIBRARY OF CONGRESS CALL NUMBER
Classification number PS 3554.E1734
Item number .D281 1982
082 00 - DEWEY DECIMAL CLASSIFICATION NUMBER
Classification number FIC
Item number D34s 1982
100 1# - MAIN ENTRY--PERSONAL NAME
Personal name Dean, S. F. X.
9 (RLIN) 20438
245 10 - TITLE STATEMENT
Title Such pretty toys
Statement of responsibility, etc S.F.X. Dean.
260 ## - PUBLICATION, DISTRIBUTION, ETC. (IMPRINT)
Place of publication, distribution, etc New York :
Name of publisher, distributor, etc Tom Doherty Book,
Date of publication, distribution, etc c1982.
300 ## - PHYSICAL DESCRIPTION
Extent 221 p. ;
Dimensions 17 cm.
562 ## - COPY AND VERSION IDENTIFICATION NOTE
Number of copies 1
650 #0 - SUBJECT ADDED ENTRY--TOPICAL TERM
Topical term or geographic name as entry element Fiction.
9 (RLIN) 746
650 #0 - SUBJECT ADDED ENTRY--TOPICAL TERM
Topical term or geographic name as entry element English teachers -- Fiction.
655 #7 - INDEX TERM--GENRE/FORM
Genre/form data or focus term Detective and mystery stories.
Source of term gsafd
9 (RLIN) 3472
906 ## - LOCAL DATA ELEMENT F, LDF (RLIN)
a 7
b cbc
c orignew
d 2
e opcn
f 19
g y-gencatlg
942 ## - ADDED ENTRY ELEMENTS (KOHA)
Source of classification or shelving scheme Library of Congress Classification
Koha item type Books
Holdings
Withdrawn status Lost status Source of classification or shelving scheme Damaged status Home library Current library Shelving location Date acquired Total Checkouts Full call number Barcode Date last seen Copy number Price effective from Koha item type
    Library of Congress Classification   Luxembourg Library Luxembourg Library Fiction Section 09/17/2013   PS 3554.E1734 .D281 1982 10582 09/17/2013 1 09/17/2013 Books

Such pretty toys

APA

Dean S. F. X., . (1982). Such pretty toys. New York: Tom Doherty Book.

Chicago

Dean S F X, . 1982. Such pretty toys. New York: Tom Doherty Book.

Harvard

Dean S. F. X., . (1982). Such pretty toys. New York: Tom Doherty Book.

MLA

Dean S F X, . Such pretty toys. New York: Tom Doherty Book. 1982.

  • Place hold
  • Print
  • Cite
  • Add to your cart (remove)
  • Save record
    BIBTEX Dublin Core MARCXML MARC (non-Unicode/MARC-8) MARC (Unicode/UTF-8) MARC (Unicode/UTF-8, Standard) MODS (XML) RIS
  • More searches
    Search for this title in:
    Other Libraries (WorldCat) Other Databases (Google Scholar) Online Stores (Bookfinder.com) Open Library (openlibrary.org)

Exporting to Dublin Core...

SOUTHVILLE LIBRARY

Southville International School and Colleges Library

1281 Tropical Ave. Cor. Luxembourg St., BF Homes International, Las Pinas City

Tel. No. 8256374 / 252358 Loc. 117/146

Powered by Koha